000 00918cam a22002891 4500
001 11917
003 BD-RjUL
005 20211208235214.0
008 140127s1955 xx a 001 0 eng
035 _a(BD-RjUL)11966
035 _a(OCoLC)14674727
040 _aDLC
_cDNLM
_dCtHT
_dOClW-H
_dDLC
_dBD-RjUL
_beng
041 _aeng
060 0 _aQD 553
_bS541e 1955
082 _a541.37
_bELE 1955
245 1 0 _aElectrochemistry in biology and medicine :
_bSponsored by the Electrochemical Society, inc., New York /
_cedited by Theodore Shedlovsky
260 _aNew York :
_bWiley ,
_cc1955.
300 _axii, 369 p. :
_bill. ;
_c23 cm.
504 _aIncludes index.
650 0 _aElectrochemistry.
_936949
650 0 _aElectrophysiology.
_936950
700 _aShedlovsky, Theodore,
_936951
942 _2ddc
_cBK
999 _c11917
_d11917